00185nam a22000977a 4500040000700000082000800007100001300015245003200028260001800060300000900078 cSY a635 aLY DALIN aPost harvest of cut flowers aRUAbLY DALIN a43p.